000 01037nas a2200313 4500
001 BR7801851
003 BR-BrBNA
005 20231205083414.0
007 ta
008 230509b bl.|||p| |||| 00| 00por d
040 _aBR-BrBNA
_bpor
_cBiblioteca Nacional de Agricultura
041 _a(Pt)
072 _aH00; S10
100 1 _aTeixeira, A.A.
100 1 _aDuarte, C. de S.
100 1 _aOliveira, J.C.
100 1 _aGomes, F.P.
111 1 _a24. Reuniao Anual da Sociedade Brasileira para o Progresso da Ciencia
_cSao Paulo, SP (Brazil)
_dJul 1972
245 1 _aInfluencia da aplicacao de fungicidas na qualidade da bebida do cafe [Coffea arabica, analise de alimento]
650 _aCOMPOSICAO DE ALIMENTO
650 _aCAFE TRATADO
650 _aCAFE
650 _aFUNGICIDA
650 _aANALISE DE ALIMENTO
650 _aEFEITO RESIDUAL
773 0 _tRevista de Agricultura (Brazil)
_xISSN 0034-7655
_g(Dec 1977), v. 52(4) p. 167-177
_wBR7801851
909 _a202311
_bLúcia
_c55
_dLúcia Elande
942 _2AGRIS
_n0
_cANA
999 _c98537
_d98537